Development and flood risk (Record no. 85439)
[ view plain ]
| 000 -LEADER | |
|---|---|
| fixed length control field | 00925cgm a22002535a 4500 |
| 001 - CONTROL NUMBER | |
| control field | L133335 |
| 008 - FIXED-LENGTH DATA ELEMENTS--GENERAL INFORMATION | |
| fixed length control field | 051222s2004 xxk f 000 0 eng u |
| 020 ## - INTERNATIONAL STANDARD BOOK NUMBER | |
| International Standard Book Number | 086017624X |
| 035 ## - SYSTEM CONTROL NUMBER | |
| System control number | (Sirsi) u133335 |
| 041 0# - LANGUAGE CODE | |
| Language code of text/sound track or separate title | eng |
| 050 04 - LIBRARY OF CONGRESS CALL NUMBER | |
| Classification number | 711.26 $2 18 |
| 100 1# - MAIN ENTRY--PERSONAL NAME | |
| Personal name | Lancaster, J. |
| 245 00 - TITLE STATEMENT | |
| Title | Development and flood risk |
| Remainder of title | guidance for the construction industry |
| Medium | [electronic resource] |
| 260 ## - PUBLICATION, DISTRIBUTION, ETC. | |
| Place of publication, distribution, etc. | London |
| Name of publisher, distributor, etc. | CIRIA |
| Date of publication, distribution, etc. | 2004 |
| 300 ## - PHYSICAL DESCRIPTION | |
| Extent | 1 CD-ROM |
| 490 #0 - SERIES STATEMENT | |
| Series statement | CIRIA |
| Volume/sequential designation | 624 |
| 520 ## - SUMMARY, ETC. | |
| Summary, etc. | CD-ROM accompanying "Development and flood risk: guidance for the construction industry" (ISBN 086017644X) and providing a fully searchable electronic version of the text. |
| 651 #4 - SUBJECT ADDED ENTRY--GEOGRAPHIC NAME | |
| Geographic name | United Kingdom |
| Chronological subdivision | |
| 690 ## - LOCAL SUBJECT ADDED ENTRY--TOPICAL TERM (OCLC, RLIN) | |
| Topical term or geographic name as entry element | ENVIRONMENTAL AND LAND CONSULTANCY-WATER RESOURCE MANAGEMENT-FLOODING |
| 700 1# - ADDED ENTRY--PERSONAL NAME | |
| Personal name | Preene, M. |
| 700 1# - ADDED ENTRY--PERSONAL NAME | |
| Personal name | Marshall, C. T. |
| 710 2# - ADDED ENTRY--CORPORATE NAME | |
| Corporate name or jurisdiction name as entry element | Construction Industry Research and Information Association |
| 9 (RLIN) | 4810 |
| 942 ## - ADDED ENTRY ELEMENTS (KOHA) | |
| Suppress in OPAC | 0 |
| Withdrawn status | Lost status | Source of classification or shelving scheme | Damaged status | Not for loan | Home library | Current library | Shelving location | Date acquired | Total Checkouts | Full call number | Barcode | Date last seen | Copy number | Price effective from | Koha item type |
|---|---|---|---|---|---|---|---|---|---|---|---|---|---|---|---|
| Dewey Decimal Classification | London | London | Enquiry desk | 03/05/2006 | CD-ROM BOX | 30071239 | 06/08/2019 | 1 | 06/08/2019 | Reference material |